Villes de Normandie de plus de 10 000 habitants - Statistiques

Statistiques générales
  • Ce quiz a été pris 122 fois
  • Le résultat moyen est 23 sur 42
Statistiques - réponses
Département Ville Population % Correct
14 Caen 108200
99%
76 Le Havre 166058
98%
76 Rouen 114083
98%
27 Évreux 47289
92%
61 Alençon 25555
83%
76 Dieppe 28358
82%
50 Cherbourg-en-Cotentin 77808
80%
50 Saint-Lô 19373
77%
14 Lisieux 19807
76%
14 Bayeux 12775
74%
76 Le Grand-Quevilly 25975
71%
50 Granville 12581
70%
76 Le Petit-Quevilly 21782
70%
76 Sotteville-lès-Rouen 28965
64%
27 Vernon 24543
64%
50 Avranches 10240
62%
76 Fécamp 18016
61%
14 Hérouville-Saint-Clair 22227
60%
61 Argentan 13291
57%
76 Saint-Étienne-du-Rouvray 28508
56%
76 Elbeuf 15951
52%
76 Mont-Saint-Aignan 20066
52%
76 Yvetot 11385
51%
27 Louviers 18350
45%
14 Vire Normandie 17135
45%
61 Flers 14482
44%
14 Ifs 11981
44%
76 Bois-Guillaume 14262
40%
27 Val-de-Reuil 12647
40%
14 Mondeville 10075
39%
76 Barentin 12154
33%
76 Canteleu 13966
33%
76 Oissel 12367
33%
76 Bolbec 11635
32%
27 Gisors 11919
32%
76 Montivilliers 15457
31%
76 Déville-lès-Rouen 10745
30%
50 La Hague 11223
29%
76 Maromme 11024
29%
50 Carentan-les-Marais 10220
19%
76 Caudebec-lès-Elbeuf 10135
18%
76 Port-Jérôme-sur-Seine 10387
13%
Aucun quiz correspondant
Distribution des résultats
% des personnes avec chaque résultat
Percentile par nombre de réponses
Votre historique - résultats
Vous n’avez pas pris ce quiz